Girl Lyrics by The Beatles - Statistics

General Stats
  • This quiz has been taken 27 times
  • The average score is 138 of 170
Answer Stats
Answer % Correct
a
100%
the
100%
to
100%
girl
96%
girl,
96%
girl.
96%
I
96%
my
96%
she
96%
going
92%
Is
92%
of
92%
story
92%
who
92%
all
88%
anybody
88%
kind
88%
listen
88%
She's
88%
she's
88%
there
88%
there,
88%
about
84%
as
84%
believe
84%
came
84%
makes
84%
want
84%
When
84%
when
84%
you
84%
and
80%
And
80%
good,
80%
her,
80%
her;
80%
it
80%
me
80%
say
80%
so
80%
sorry;
80%
stay?
80%
think
80%
acts
76%
Ah,
76%
day.
76%
day
76%
fool.
76%
hard
76%
it's
76%
know
76%
looking
76%
much
76%
regret
76%
still,
76%
still
76%
time,
76%
tried
76%
turn
76%
why.
76%
back
72%
cool,
72%
cry.
72%
don't
72%
earth
72%
feel
72%
promises
72%
single
72%
start
72%
this
72%
will
72%
Will
72%
after
68%
break
68%
down
68%
earn
68%
his
68%
leave
68%
man
68%
puts
68%
times
68%
understood
68%
leisure?
64%
must
64%
that
64%
are
60%
dead?
60%
friends
60%
he's
60%
pleasure?
60%
lead
56%
ooh,
56%
ooh.
56%
said
56%
would
56%
pain
52%
they
52%
told
52%
Was
52%
was
52%
Did
48%
young
48%
understand
44%
though
40%
No matching quizzes found
Score Distribution
Percent of People with Each Score
Percentile by Number Answered
Your Score History
You have not taken this quiz